Topological spaces /

Guardado en:
Autor Principal: Cech, Eduard.
Otros Autores: Frolík, Zdenek. (xxx), Katetov, Miroslav. (xxx)
Formato: Libro
Idioma:English
Publicado: Prague : Academia, 1966.
Etiquetas: Agregar Etiqueta
Sin Etiquetas, Sea el primero en etiquetar este registro!
LEADER 00606nam a22001935a 4500
001 MAT.inmabb001510
008 031124s1966####xr############000#0#eng#d
005 20130225154923.0
245 1 0 |a Topological spaces /  |c Eduard Cech ; revised by Zdenek Frolík and Miroslav Katetov. 
260 |a Prague :  |b Academia,  |c 1966. 
300 |a 893 p. ;  |c 25 cm. 
500 |a Incluye hoja suelta: Errata. 
510 4 |a MR,  |c 35 #2254 
100 1 |a Cech, Eduard. 
700 1 |a Frolík, Zdenek.  |4 xxx 
700 1 |a Katetov, Miroslav.  |4 xxx 
084 |a 54-02  |2 msc2000 
010 |a  66051855  
859 |h 54  |i C387  |p A-1870  |b BIB. MATEMATICA